Entscheidungen des Bundesverfassungsgerichts / 124
| Medienart: | Druck Buch |
|---|---|
| Sprache: | Deutsch |
| Veröffentlicht: |
2010
|
| In: |
Entscheidungen des Bundesverfassungsgerichts
Jahr: 2010 |
| Bestand in Tübingen: | In Tübingen vorhanden. IFK: R 5 124 |
| Verfügbarkeit prüfen: | HBZ Gateway |
| Subito Bestelldienst: | Jetzt bestellen. |
MARC
| LEADER | 00000cam a2200000 cc4500 | ||
|---|---|---|---|
| 001 | 139597988X | ||
| 003 | DE-627 | ||
| 005 | 20260111185712.0 | ||
| 007 | tu | ||
| 008 | 100714s2010 xx ||||| 00| ||ger c | ||
| 020 | |a 9783161504914 |9 978-3-16-150491-4 | ||
| 035 | |a (DE-627)139597988X | ||
| 035 | |a (DE-576)32597988X | ||
| 035 | |a (DE-599)BSZ32597988X | ||
| 040 | |a DE-627 |b ger |c DE-627 |e rakwb | ||
| 041 | |a ger | ||
| 084 | |a 1 |2 ssgn | ||
| 245 | 0 | 0 | |a Entscheidungen des Bundesverfassungsgerichts |n 124 |
| 264 | 1 | |c 2010 | |
| 300 | |a IV, 419 S. | ||
| 336 | |a Text |b txt |2 rdacontent | ||
| 337 | |a ohne Hilfsmittel zu benutzen |b n |2 rdamedia | ||
| 338 | |a Band |b nc |2 rdacarrier | ||
| 773 | 1 | 8 | |a Entscheidungen des Bundesverfassungsgerichts |w (DE-627)131064835 |w (DE-576)029160308 |w (DE-600)1108323-2 |x 0433-7646 |g 124 (2009) |q 2009,124 |7 nnas |
| 889 | |w (DE-627)63195838X | ||
| 935 | |a mteo | ||
| 935 | |i mdedup | ||
| 951 | |a JV | ||
| ELC | |b 1 | ||
| LOK | |0 000 xxxxxcx a22 zn 4500 | ||
| LOK | |0 001 2738988806 | ||
| LOK | |0 003 DE-627 | ||
| LOK | |0 004 139597988X | ||
| LOK | |0 005 20130222114232 | ||
| LOK | |0 008 130222||||||||||||||||ger||||||| | ||
| LOK | |0 040 |a DE-21-110 |c DE-627 |d DE-21-110 | ||
| LOK | |0 541 |e Z 10/25 | ||
| LOK | |0 852 |a DE-21-110 | ||
| LOK | |0 852 1 |c R 5 124 |m p |9 00 | ||
| LOK | |0 938 |a 1007 | ||
| LOK | |0 938 |k p | ||
| LOK | |0 939 |a 22-02-13 |b l01 | ||
| ORI | |a SA-MARC-krimdoka001.raw | ||
| SIG | |a IFK: R 5 124 | ||
